• 首页
  • 本馆介绍
  • 公告通知
  • 最新文献
  • 馆藏检索
  • 电子资源
  • 读者导购
  • 参考咨询
  • 我的图书馆
  • 登录
  • 详细信息显示
  • 放入我的书架
  • 预约/预借图书
  • 作者相关作品
  • 分类相关作品
  • 丛书相关作品
  • 出版社相关作品

书目信息

  • 表格格式
  • 工作单格式
  • 卡片格式
题名:
北京科学中心展线活动课例及教学设计
    
 
作者: 马林 , 何素兴 主编 ;北京科学中心 编著
分册:   生命主题
出版信息: 北京   北京出版社  2020.05
页数: 220页
开本: 26cm
丛书名:
单 册:
中图分类: G632.3 , G633.912
科图分类:
主题词: 科学中心--展览会--活动课程--教学设计--中小学--北京 , 生命科学--活动课程--教学设计--中小学
电子资源:
ISBN: 978-7-200-15326-2
000 01160nam0 2200289 45
001 012001001234
005 20140201130639.0
010    @a978-7-200-15326-2@dCNY74.00
100    @a20220905d2020 em y0chiy50 ea
101 0  @achi
102    @aCN@b110000
105    @aa z 000yy
106    @ar
200 1  @a北京科学中心展线活动课例及教学设计@i生命主题@ h上册@f北京科学中心编著@g北京科学中心编著@Abei jing ke xue zhong xin zhan xian huo dong ke li ji jiao xue she ji
210    @a北京@c北京出版社@d2020.05
215    @a220页@c图@d26cm
330    @a本书中的展线课程由北京科学中心展览教育相关人员与中小学相应学科专业教师合作开发,经科学教育界专家严格评审通过,具有科学性、规范性。内容包括:生命起源与进化、遗传的密码、生命体基本单位、人体结构与功能。
606 0  @a科学中心@x展览会@x活动课程@x教学设计@x中小学@y北京
606 0  @a生命科学@x活动课程@x教学设计@x中小学
610 0  @a北京科学中心
690    @aG632.3@v5
690    @aG633.912@v5
701  0 @a马林@Ama lin@4主编
701  0 @a何素兴@Ahe su xing@4册主编
712 02 @a北京科学中心@Abei jing ke xue zhong xin@4编著
801  0 @aCN@bAHXH@c20221111
905    @b1365946-50@dG632.3@e1416@f5
    
    北京科学中心展线活动课例及教学设计.生命主题/北京科学中心编著/北京科学中心编著.-北京:北京出版社,2020.05
    220页:图;26cm
    
    
    ISBN 978-7-200-15326-2:CNY74.00
    本书中的展线课程由北京科学中心展览教育相关人员与中小学相应学科专业教师合作开发,经科学教育界专家严格评审通过,具有科学性、规范性。内容包括:生命起源与进化、遗传的密码、生命体基本单位、人体结构与功能。
●
相关链接 在E读中查询图书 在五车中查询图书 在当当中查询图书 在豆瓣中查询图书


正题名:北京科学中心展线活动课例及教学设计     索取号:G632.3/1416         预约/预借

序号 登录号 条形码 馆藏地/架位号 状态 备注
1 1365946   213659469   第一样本阅览室/ [索取号:G632.3/1416] 在馆    
2 1365947   213659478   教育系资料室/ [索取号:G632.3/1416] 在馆    
3 1365948   213659487   教育系资料室/ [索取号:G632.3/1416] 在馆    
4 1365949   213659496   第四借阅区/ [索取号:G632.3/1416] 在馆    
5 1365950   213659502   第四借阅区/ [索取号:G632.3/1416] 在馆    
唐山师范学院图书馆 欢迎您!
大连网信软件有限公司© 版权所有